| Tag |
First Indicator |
Second Indicator |
Subfields |
| LEADER |
00000cam a22000001a 4500 |
| 001 |
in00003637814 |
| 005 |
20190408171749.0 |
| 006 |
m o d f |
| 007 |
cr bn mmmapmmp |
| 008 |
011112s1905 dcu o f000 0 eng d |
| 035 |
|
|
|a ebd1909401610
|
| 040 |
|
|
|a UMI
|c UMI
|d UtOrBLW
|
| 086 |
0 |
|
|a A 13.3:67
|
| 099 |
|
|
|a A1303-67
|
| 245 |
0 |
0 |
|a Forest reserves in Idaho.
|
| 264 |
|
1 |
|a [Washington, D.C.] :
|b U.S. Government Printing Office,
|c 1905.
|
| 300 |
|
|
|a 1 online resource (90 pages, ovolumes)
|
| 336 |
|
|
|a text
|b txt
|2 rdacontent
|
| 337 |
|
|
|a computer
|b c
|2 rdamedia
|
| 338 |
|
|
|a online resource
|b cr
|2 rdacarrier
|
| 490 |
0 |
|
|a Forest Service Bull. No. 67
|
| 500 |
|
|
|a [Correspondence and papers and homesteading interests; with summary data on forest area and relating to their creationand impact on mineral, agricultural, vegetation type, by individual reserve]
|
| 500 |
|
|
|a Record is based on bibliographic data in ProQuest U.S. Executive Branch Documents, 1789-1909. Reuse except for individual research requires license from ProQuest, LLC.
|
| 533 |
|
|
|a Electronic reproduction.
|b [Bethesda, Md.] :
|c ProQuest,
|d 2012.
|e digital, PDF file.
|n ProQuest U.S. Executive Branch Documents, 1789-1909.
|n Mode of access: World Wide Web via ProQuest website.
|
| 538 |
|
|
|a System requirements: PDF reader software.
|
| 500 |
|
|
|a Electronic resource.
|
| 650 |
|
0 |
|a Forest reserves.
|0 http://id.loc.gov/authorities/subjects/sh85050621
|
| 655 |
|
7 |
|a Electronic books.
|2 local
|
| 776 |
1 |
8 |
|i Microfiche version:
|t Forest reserves in Idaho
|o CIS US Exec MF A1303-67
|w (ProQuest)cis19042445
|
| 856 |
4 |
0 |
|u http://proxy.library.tamu.edu/login?url=http://congressional.proquest.com/congressional/docview/t66.d71.a1303-67
|z Connect to the full text of this electronic document
|t 0
|
| 999 |
f |
f |
|s 5fad83fb-9b12-3d09-bfcf-b621bdcd3e9c
|i d877451b-7794-38bf-9c4c-99f4fa5ca0f4
|t 0
|
| 952 |
f |
f |
|a Texas A&M University
|b College Station
|c Electronic Resources
|d Available Online
|t 0
|h No information provided
|
| 998 |
f |
f |
|t 0
|l Available Online
|